| 000 | 00750cab a2200241 4500 | ||
|---|---|---|---|
| 001 | WB3216-30 | ||
| 008 | 090401t1996 xxu||||| |||| 00| 0 eng d | ||
| 035 | _a(Sirsi) u73971 | ||
| 041 | _aeng | ||
| 245 | _aGrosvenor Estate loses out | ||
| 260 | _c1996 | ||
| 350 | _a0 | ||
| 490 |
_aProperty Week _v55(4) 25 April 1996, 19(1) |
||
| 520 | _aGrosvenor Estate has been awarded only 50% of the marriage value of an enfranchisement deal rather than the 75% it attempted to claim. | ||
| 650 | _aGROSVENOR ESTATE | ||
| 650 | _aLEASEHOLD ENFRANCHISEMENT | ||
| 650 | _aLEASEHOLD REFORM | ||
| 650 | _aLONDON LEASEHOLD VALUATION TRIBUNAL | ||
| 650 | _aMARRIAGE VALUE | ||
| 690 |
_aLandlord and tenant _96252 |
||
| 942 | _n0 | ||
| 948 | _c04/03/1997 | ||
| 999 |
_c46688 _d46688 |
||